[Event "Autunno Scacchistico A"]
[Site "Venezia ITA"]
[Date "2009.10.30"]
[Round "1"]
[White "Gerola, Fausto"]
[Black "Salvador, Roland"]
[Result "0-1"]
[WhiteElo "2174"]
[BlackElo "2461"]
[PlyCount "80"]
[EventDate "2009.10.30"]

1. e4 c5 2. Nf3 Nc6 3. d4 cxd4 4. Nxd4 e5 5. Nb5 d6 6. N1c3 a6 7. Na3 b5 8. Nd5
Nge7 9. c4 Nxd5 10. exd5 Nd4 11. Nc2 Nxc2+ 12. Qxc2 Bb7 13. b3 Rc8 14. Qd3 Be7
15. Be2 O-O 16. O-O f5 17. cxb5 e4 18. Qh3 axb5 19. Bxb5 Bxd5 20. Rd1 Bb7 21.
Be3 d5 22. Bd4 Bd6 23. g3 Qe7 24. a4 Be5 25. Qh4 g5 26. Qh5 f4 27. Be2 f3 28.
Bb5 Bxd4 29. Rxd4 e3 30. Re1 Rc2 31. Rf1 Rxf2 32. Rxf2 exf2+ 33. Kxf2 Qe5 34.
Rd2 d4 35. Bc4+ Kg7 36. Bd3 Qe3+ 37. Kf1 Rf5 38. Rd1 Be4 39. Bc4 d3 40. Re1 f2
0-1

[Event "Autunno Scacchistico A"]
[Site "Venezia ITA"]
[Date "2009.10.30"]
[Round "1"]
[White "Locci, Damiano"]
[Black "Naumkin, Igor"]
[Result "0-1"]
[WhiteElo "2136"]
[BlackElo "2450"]
[PlyCount "62"]
[EventDate "2009.10.30"]

1. c4 e5 2. Nc3 Nf6 3. Nf3 Nc6 4. a3 d5 5. cxd5 Nxd5 6. Qc2 Nb6 7. e3 Bd6 8.
Be2 O-O 9. b4 a6 10. Bb2 f5 11. d3 Kh8 12. Rd1 Qf6 13. O-O Qh6 14. Rfe1 f4 15.
exf4 Bg4 16. Ne4 Qxf4 17. Qd2 Nd5 18. Nfg5 Bxe2 19. Qxe2 Qf5 20. g3 h6 21. Nxd6
cxd6 22. Ne4 Qg6 23. Kh1 Rae8 24. Qf1 Rf3 25. Qg2 Ref8 26. d4 Nb6 27. Re3 Rxe3
28. fxe3 Qg4 29. Rc1 Nc4 30. h3 Qe6 31. Rc3 Nxb2 0-1

[Event "Autunno Scacchistico A"]
[Site "Venezia ITA"]
[Date "2009.10.30"]
[Round "1"]
[White "Maccapan, Fabio"]
[Black "Barletta, Mauro"]
[Result "0-1"]
[WhiteElo "2052"]
[BlackElo "2212"]
[PlyCount "76"]
[EventDate "2009.10.30"]

1. d4 d5 2. Nf3 Nc6 3. e3 Bg4 4. c4 e5 5. Qb3 Bxf3 6. gxf3 Bb4+ 7. Bd2 Bxd2+ 8.
Nxd2 exd4 9. cxd5 dxe3 10. fxe3 Qh4+ 11. Kd1 Nd8 12. Bb5+ c6 13. dxc6 bxc6 14.
Qc4 Qxc4 15. Bxc4 Ne7 16. Kc2 O-O 17. Nb3 Nb7 18. Rad1 Rfd8 19. Rxd8+ Rxd8 20.
Rd1 Rxd1 21. Kxd1 Nd6 22. Bd3 Nd5 23. Ke2 Kf8 24. Nc5 Ke7 25. a3 g6 26. Ne4 Nf5
27. Ng5 Ndxe3 28. Bxf5 Nxf5 29. Nxh7 f6 30. Kd3 Kf7 31. Kc4 Kg7 32. Kc5 Kxh7
33. Kxc6 Nd4+ 34. Kb7 Nxf3 35. Kxa7 Nd4 36. Kb6 f5 37. Kc5 Nb3+ 38. Kc4 f4 0-1

[Event "Autunno Scacchistico A"]
[Site "Venezia ITA"]
[Date "2009.10.30"]
[Round "1"]
[White "Molina, Fabrizio"]
[Black "Bonagura, Stefano"]
[Result "1-0"]
[WhiteElo "2239"]
[BlackElo "2086"]
[PlyCount "85"]
[EventDate "2009.10.30"]

1. Nf3 d5 2. c4 c6 3. g3 Nf6 4. Bg2 Bf5 5. O-O e6 6. b3 Be7 7. Bb2 Nbd7 8. d3
h6 9. Nbd2 O-O 10. Rc1 Re8 11. Rc2 Bh7 12. Qa1 Bd6 13. Rd1 Qe7 14. Nf1 e5 15.
cxd5 cxd5 16. Ne3 Qe6 17. Rdc1 a5 18. a4 Bb4 19. Rc7 d4 20. Nc4 Nc5 21. Rxc5
Bxc5 22. Ncxe5 Rac8 23. Rc4 Red8 24. Qc1 b6 25. h4 Bf5 26. Kh2 Ng4+ 27. Nxg4
Bxg4 28. Qf1 Re8 29. Bxd4 Qxe2 30. Qxe2 Rxe2 31. Bxc5 Be6 32. Bxb6 Bxc4 33.
bxc4 Rb8 34. c5 Rxf2 35. d4 Rb2 36. d5 f6 37. Nd4 Rd2 38. Nb3 Rd3 39. Nxa5 Kf7
40. Nc4 Rc3 41. Nd6+ Ke7 42. a5 Ra3 43. Nb5 1-0

[Event "Autunno Scacchistico A"]
[Site "Venezia ITA"]
[Date "2009.10.30"]
[Round "1"]
[White "Mrdja, Milan"]
[Black "Redo, Giorgio"]
[Result "1/2-1/2"]
[WhiteElo "2393"]
[BlackElo "2126"]
[PlyCount "98"]
[EventDate "2009.10.30"]

1. e4 c5 2. Nf3 Nc6 3. Bb5 Nd4 4. Nxd4 cxd4 5. O-O a6 6. Ba4 e5 7. d3 b5 8. Bb3
Nf6 9. f4 d6 10. Qe1 Be6 11. fxe5 dxe5 12. Bxe6 fxe6 13. Qg3 Qc7 14. Qh3 Kd7
15. c3 Bc5 16. Kh1 Raf8 17. Nd2 dxc3 18. bxc3 h5 19. Nf3 Ng4 20. Qg3 Qb6 21.
Bd2 Bf2 22. Qh3 Be3 23. Bxe3 Qxe3 24. Nxe5+ Kd6 25. Nxg4 Qxh3 26. gxh3 hxg4 27.
hxg4 Rc8 28. Rac1 Rh3 29. Rfd1 Ke5 30. Rc2 b4 31. d4+ Kxe4 32. Re2+ Kf3 33.
Rxe6 bxc3 34. Rf1+ Kxg4 35. Rg6+ Kh5 36. Rxg7 Kh6 37. Rg3 Rxg3 38. hxg3 c2 39.
Rc1 Kg5 40. Kg2 Kg4 41. Kf2 Rc3 42. Ke2 Rxg3 43. Kd2 Kf4 44. Re1 c1=Q+ 45. Kxc1
Rd3 46. Re6 Rxd4 47. Rxa6 Ke5 48. Kc2 Kd5 49. Kc3 Rh4 1/2-1/2

[Event "Autunno Scacchistico A"]
[Site "Venezia ITA"]
[Date "2009.10.30"]
[Round "1"]
[White "Pagnutti, Lorenzo"]
[Black "Gromovs, Sergejs"]
[Result "0-1"]
[WhiteElo "2107"]
[BlackElo "2268"]
[PlyCount "88"]
[EventDate "2009.10.30"]

1. e4 c5 2. c3 Nf6 3. e5 Nd5 4. d4 cxd4 5. cxd4 d6 6. Nf3 Nc6 7. Bc4 Nb6 8. Bb5
a6 9. Bxc6+ bxc6 10. O-O Bg4 11. h3 Bh5 12. Nc3 e6 13. Bg5 f6 14. exf6 gxf6 15.
Bh4 Be7 16. Re1 Qd7 17. Qe2 Bf7 18. a4 O-O 19. a5 Nd5 20. Nxd5 cxd5 21. Rec1
Rfb8 22. Ne1 Rb4 23. Qd2 Rab8 24. Ra2 e5 25. Nc2 Rxb2 26. Rxb2 Rxb2 27. Qc3 Rb5
28. Na3 Rb8 29. Nb1 Qa4 30. Qc7 Re8 31. dxe5 Qxh4 32. exd6 Bd8 33. Qc5 Qa4 34.
Qc8 Qxa5 35. Kh2 Be6 36. Qc6 Qb5 37. Qc3 Qd7 38. Qa3 Bb6 39. Qg3+ Qg7 40. Qb3
Bxf2 41. Rc7 Qf8 42. Qa3 Bf7 43. Nc3 Re3 44. g4 Qh6 0-1

[Event "Autunno Scacchistico A"]
[Site "Venezia ITA"]
[Date "2009.10.30"]
[Round "1"]
[White "Quaranta, Cristiano"]
[Black "Dragojlovic, Andjelko"]
[Result "1/2-1/2"]
[WhiteElo "2127"]
[BlackElo "2402"]
[PlyCount "100"]
[EventDate "2009.10.30"]

1. Nf3 Nf6 2. c4 g6 3. Nc3 Bg7 4. e4 c5 5. d4 cxd4 6. Nxd4 Nc6 7. Be3 Ng4 8.
Qxg4 Nxd4 9. Qd1 Ne6 10. Qd2 Qa5 11. Rc1 b6 12. Be2 Bb7 13. f3 h5 14. O-O g5
15. b3 h4 16. Nd5 Qxd2 17. Bxd2 Bd4+ 18. Kh1 f6 19. Rcd1 Be5 20. Be3 d6 21. Kg1
Kf7 22. b4 Rac8 23. a4 Nf4 24. Nxf4 gxf4 25. Bd4 h3 26. Bxe5 hxg2 27. Rf2 fxe5
28. Rxg2 a5 29. c5 bxc5 30. Bc4+ Kf6 31. bxa5 Ra8 32. Rb1 Bc8 33. Ra2 Be6 34.
Bxe6 Kxe6 35. Rb5 Ra7 36. Kf1 Kd7 37. Rg2 Rha8 38. Rg7 Ke6 39. h4 Kf6 40. Rg4
Rxa5 41. h5 Rxa4 42. Rb2 Ra1+ 43. Kg2 R1a2 44. Rxa2 Rxa2+ 45. Kh3 Rf2 46. h6
Rxf3+ 47. Kh2 Rg3 48. h7 Rxg4 49. h8=Q+ Rg7 50. Qf8+ Kg6 1/2-1/2

[Event "Autunno Scacchistico A"]
[Site "Venezia ITA"]
[Date "2009.10.30"]
[Round "1"]
[White "Sanchez, Joseph"]
[Black "Pechy, Alaster"]
[Result "1-0"]
[WhiteElo "2463"]
[BlackElo "2186"]
[PlyCount "49"]
[EventDate "2009.10.30"]

1. e4 d6 2. d4 Nf6 3. Nc3 e5 4. Nf3 Nbd7 5. g4 Nxg4 6. Rg1 Ngf6 7. Bc4 h6 8.
Qd3 c6 9. Be3 Qc7 10. O-O-O a6 11. dxe5 dxe5 12. Bxf7+ Kxf7 13. Qc4+ Ke7 14.
Nh4 Kd8 15. Ng6 Rg8 16. Qf7 Bd6 17. Bxh6 gxh6 18. Rd2 Qb6 19. Rxd6 Qxf2 20.
Rgd1 Rxg6 21. Qxg6 Qf4+ 22. Kb1 Kc7 23. a4 b5 24. Qf7 Qg5 25. Rxf6 1-0

[Event "Autunno Scacchistico A"]
[Site "Venezia ITA"]
[Date "2009.10.30"]
[Round "1"]
[White "Sgnaolin, Davide"]
[Black "Vincenzi, Marco"]
[Result "1-0"]
[WhiteElo "2213"]
[BlackElo "2078"]
[PlyCount "97"]
[EventDate "2009.10.30"]

1. e4 e5 2. Nf3 Nc6 3. Bb5 a6 4. Bxc6 dxc6 5. O-O f6 6. d4 exd4 7. Nxd4 c5 8.
Ne2 Qxd1 9. Rxd1 Bd7 10. Nbc3 O-O-O 11. Be3 b6 12. Rd2 Ne7 13. Rad1 Nc6 14. Nd5
Ne5 15. Bf4 c4 16. b4 Kb7 17. Bxe5 fxe5 18. Ne3 Kc8 19. Nxc4 Bxb4 20. c3 Bb5
21. Rxd8+ Rxd8 22. Rxd8+ Kxd8 23. Nxe5 Bd6 24. Nf7+ Ke7 25. Nxd6 Kxd6 26. Kf1
Ke5 27. f3 c5 28. Kf2 Bc4 29. a3 b5 30. Ke3 a5 31. f4+ Ke6 32. g4 b4 33. cxb4
cxb4 34. Nd4+ Kf7 35. axb4 axb4 36. Nc6 Bb5 37. Nxb4 Bd7 38. g5 Kg6 39. Nd3 Bc8
40. Nc5 h6 41. gxh6 Kxh6 42. Kd4 Kg6 43. Ke5 Kf7 44. f5 Ke7 45. h4 Kf7 46. h5
Ke7 47. Kf4 Kf7 48. Kg5 Kg8 49. Kg6 1-0

[Event "Autunno Scacchistico A"]
[Site "Venezia ITA"]
[Date "2009.10.30"]
[Round "1"]
[White "Tonon, Alessandro"]
[Black "Spornberger, Maximilian"]
[Result "1/2-1/2"]
[WhiteElo "2265"]
[BlackElo "2106"]
[PlyCount "44"]
[EventDate "2009.10.30"]

1. d4 g6 2. c4 Bg7 3. Nf3 d6 4. g3 Nf6 5. Bg2 O-O 6. O-O Nbd7 7. Nc3 e5 8. h3
Re8 9. e4 exd4 10. Nxd4 Nc5 11. Re1 Bd7 12. Kh2 a5 13. b3 Re5 14. f4 Rh5 15.
Bb2 Qc8 16. f5 gxf5 17. exf5 Bxf5 18. Nd5 Bg4 19. Ne7+ Kf8 20. Nxc8 Bxd1 21.
Raxd1 Rxc8 22. Bc3 b6 1/2-1/2

[Event "Autunno Scacchistico A"]
[Site "Venezia ITA"]
[Date "2009.10.30"]
[Round "1"]
[White "Trangoni, Bruno"]
[Black "Mileto, Gabriele"]
[Result "0-1"]
[WhiteElo "2015"]
[BlackElo "2192"]
[PlyCount "110"]
[EventDate "2009.10.30"]

1. Nf3 g6 2. d4 Bg7 3. e4 d6 4. h3 Nf6 5. Bd3 O-O 6. Be3 Nc6 7. c3 e5 8. Nbd2
Re8 9. d5 Ne7 10. g4 c6 11. c4 cxd5 12. cxd5 Nexd5 13. exd5 e4 14. Bb5 exf3 15.
Bxe8 Qxe8 16. Qxf3 Qb5 17. Bd4 Nxd5 18. Bxg7 Kxg7 19. Qb3 Nb4 20. Qc4 Qxc4 21.
Nxc4 Nc2+ 22. Kd2 Nxa1 23. Rxa1 d5 24. Nd6 Bd7 25. Ke3 Be6 26. b3 b6 27. Kd4
Kf6 28. f4 h5 29. f5 gxf5 30. gxf5 Rd8 31. Nb7 Rd7 32. fxe6 fxe6 33. Rf1+ Kg5
34. Re1 Rxb7 35. Rxe6 Kh4 36. Re3 Rd7 37. Re5 Rh7 38. Re3 Rg7 39. Kxd5 Rg2 40.
a4 Rg3 41. Re4+ Kxh3 42. Re5 h4 43. b4 Ra3 44. Kc6 Rxa4 45. Kb5 Ra2 46. Rg5 Kh2
47. Rg7 h3 48. Rh7 a5 49. Ra7 Rb2 50. Kxb6 Rxb4+ 51. Kxa5 Rg4 52. Kb5 Kh1 53.
Ra1+ Rg1 54. Ra7 h2 55. Ra2 Rb1+ 0-1

[Event "Autunno Scacchistico A"]
[Site "Venezia ITA"]
[Date "2009.10.30"]
[Round "1"]
[White "Vianello, Enrico"]
[Black "Solinas, Carlo"]
[Result "1-0"]
[WhiteElo "2200"]
[BlackElo "2045"]
[PlyCount "80"]
[EventDate "2009.10.30"]

1. d4 Nf6 2. Nf3 g6 3. Bf4 Bg7 4. e3 O-O 5. Be2 d6 6. O-O Nc6 7. h3 Nd7 8. c4
e5 9. Bh2 Ne7 10. Nc3 h6 11. Rc1 c6 12. b4 f5 13. c5 dxc5 14. bxc5 e4 15. Nd2
Kh7 16. Nc4 Nd5 17. Nxd5 cxd5 18. Nd6 Nf6 19. Qb3 Qd7 20. Rb1 g5 21. Be5 Qe6
22. Nxc8 Raxc8 23. Qxb7 Rf7 24. Qa6 Rc6 25. Qa4 f4 26. exf4 gxf4 27. Bxf4 Bf8
28. Rb3 Nd7 29. Bg4 Qg6 30. Rb7 Ne5 31. Qxa7 Ra6 32. Rxf7+ Nxf7 33. Qd7 Qf6 34.
Be5 Qe7 35. Bf5+ Kg8 36. Qxd5 Bg7 37. Bxg7 Kxg7 38. Qxe4 Qxe4 39. Bxe4 Rxa2 40.
Bd5 Rd2 1-0

[Event "Autunno Scacchistico A"]
[Site "Venezia ITA"]
[Date "2009.10.30"]
[Round "1"]
[White "Vuelban, Virgilio"]
[Black "Alberti, Andrea"]
[Result "1-0"]
[WhiteElo "2405"]
[BlackElo "2133"]
[PlyCount "89"]
[EventDate "2009.10.30"]

1. e4 c5 2. Nf3 e6 3. d4 cxd4 4. Nxd4 Nc6 5. Nc3 Qc7 6. Be2 a6 7. O-O Nf6 8.
Kh1 Nxd4 9. Qxd4 Bc5 10. Qd3 b5 11. f4 Bb7 12. e5 Nd5 13. Bf3 Nxc3 14. Bxb7
Qxb7 15. Qxc3 Rc8 16. Qg3 g6 17. Bd2 Be7 18. c3 f5 19. Qd3 O-O 20. a4 Rc5 21.
axb5 axb5 22. Be3 Rd5 23. Qc2 Ra8 24. Qf2 Qc6 25. h3 h5 26. Kh2 Kf7 27. Bd4 b4
28. Rxa8 Qxa8 29. Qe2 Ra5 30. Rd1 Qc6 31. Qe1 bxc3 32. Bxc3 Ra4 33. Rd4 Ra2 34.
Qd2 Ke8 35. Bb4 Bd8 36. Ba3 Qb5 37. Qc1 Qb6 38. Rb4 Qa5 39. Rb8 g5 40. Qc5 Qxc5
41. Bxc5 gxf4 42. Bd6 Kf7 43. Rxd8 Rxb2 44. Rxd7+ Kg6 45. Kg1 1-0

[Event "Autunno Scacchistico A"]
[Site "Venezia ITA"]
[Date "2009.10.30"]
[Round "1"]
[White "Zoldan, Matteo"]
[Black "Tonel, Giulia"]
[Result "1/2-1/2"]
[WhiteElo "2190"]
[BlackElo "1992"]
[PlyCount "27"]
[EventDate "2009.10.30"]

1. e4 c5 2. Nf3 Nc6 3. d4 cxd4 4. Nxd4 e5 5. Nb5 d6 6. N1c3 a6 7. Na3 Be7 8.
Nc4 Be6 9. Be3 b5 10. Nb6 Rb8 11. Nbd5 Nf6 12. a4 O-O 13. axb5 axb5 14. Nxf6+
1/2-1/2

[Event "Autunno Scacchistico A"]
[Site "Venezia ITA"]
[Date "2009.10.31"]
[Round "2"]
[White "Alberti, Andrea"]
[Black "Trangoni, Bruno"]
[Result "1-0"]
[WhiteElo "2133"]
[BlackElo "2015"]
[PlyCount "53"]
[EventDate "2009.10.30"]

1. d4 g6 2. c4 Bg7 3. Nc3 d6 4. e4 Nd7 5. Nf3 e5 6. d5 Ne7 7. Be2 O-O 8. h4 h6
9. Be3 f5 10. Qc2 Nf6 11. O-O-O fxe4 12. Nh2 Nf5 13. g4 Nd4 14. Qd2 Nf3 15.
Bxf3 exf3 16. Rdg1 Kh7 17. g5 Nh5 18. Ng4 Nf4 19. h5 hxg5 20. hxg6+ Kxg6 21.
Nh2 Nh3 22. Rg3 Bf5 23. Nxf3 Nf4 24. Nxg5 Kf6 25. Bxf4 exf4 26. Qd4+ Ke7 27.
Qxg7+ 1-0

[Event "Autunno Scacchistico A"]
[Site "Venezia ITA"]
[Date "2009.10.31"]
[Round "2"]
[White "Barletta, Mauro"]
[Black "Genocchio, Daniele"]
[Result "0-1"]
[WhiteElo "2212"]
[BlackElo "2455"]
[PlyCount "130"]
[EventDate "2009.10.30"]

1. e4 e6 2. d4 d5 3. e5 c5 4. c3 Bd7 5. Nf3 Qb6 6. Bd3 cxd4 7. cxd4 Nc6 8. O-O
Nxd4 9. Nbd2 Ne7 10. Nxd4 Qxd4 11. Nf3 Qa4 12. b3 Qa5 13. Bd2 Qc7 14. Rc1 Nc6
15. Re1 Ba3 16. Rc2 Qd8 17. Bg5 Qa5 18. Qe2 h6 19. Bd2 Qb6 20. Be3 Qb4 21. Bc5
Qxc5 22. Rxc5 Bxc5 23. Qc2 Bb6 24. a3 O-O-O 25. b4 Kb8 26. Qb3 Rc8 27. Rb1 Rhf8
28. a4 Nd4 29. Nxd4 Bxd4 30. b5 f6 31. Qb4 Bc5 32. Qf4 g5 33. Qg3 Ka8 34. Kh1
Bd4 35. exf6 e5 36. a5 Rc3 37. a6 Bxb5 38. axb7+ Kb8 39. Qh3 Bxd3 40. Qxh6 Bc5
41. Qxg5 Bd6 42. Ra1 d4 43. h4 Rc5 44. h5 e4 45. Qg6 Rxf6 46. Qe8+ Kxb7 47. g4
Bc7 48. Qe7 Rfc6 49. Kg2 Re5 50. Qb4+ Bb6 51. Qd2 Bc2 52. Qf4 Re7 53. g5 e3 54.
fxe3 Be4+ 55. Kh3 dxe3 56. Re1 Rc3 57. Qf6 Rec7 58. Kh4 R7c4 59. Qe7+ Bc7 60.
g6 Bxg6+ 61. Kg5 Be4 62. Re2 Rb3 63. Kf6 Ka8 64. Kg7 Rb7 65. Kf8 Bd6 0-1

[Event "Autunno Scacchistico A"]
[Site "Venezia ITA"]
[Date "2009.10.31"]
[Round "2"]
[White "Bianchi, Andrea"]
[Black "Maccapan, Fabio"]
[Result "1-0"]
[WhiteElo "2152"]
[BlackElo "2052"]
[PlyCount "37"]
[EventDate "2009.10.30"]

1. e4 e6 2. d3 d5 3. Nd2 c5 4. g3 Nc6 5. Ngf3 dxe4 6. dxe4 e5 7. Bg2 Nf6 8. O-O
b6 9. c3 Be7 10. Nc4 Qc7 11. Nfxe5 Nxe5 12. Nxe5 Qxe5 13. Bf4 Bg4 14. Bxe5 Bxd1
15. Raxd1 Rd8 16. Bc7 Rd7 17. Bf4 Nh5 18. Be3 Bd6 19. e5 1-0

[Event "Autunno Scacchistico A"]
[Site "Venezia ITA"]
[Date "2009.10.31"]
[Round "2"]
[White "Bonagura, Stefano"]
[Black "Gerola, Fausto"]
[Result "0-1"]
[WhiteElo "2086"]
[BlackElo "2174"]
[PlyCount "114"]
[EventDate "2009.10.30"]

1. d4 d5 2. Nf3 Nf6 3. c4 c6 4. g3 g6 5. Bg2 Bg7 6. O-O O-O 7. Ne5 dxc4 8. Na3
Nbd7 9. Naxc4 Nxe5 10. Nxe5 Nd7 11. f4 Qb6 12. Kh1 Nxe5 13. dxe5 Be6 14. Qa4
Rfd8 15. Qa3 Rd7 16. Bf3 a5 17. Be3 Qb5 18. Bc5 Bf8 19. Qc3 Rad8 20. a4 Qa6 21.
b4 axb4 22. Qxb4 Bc4 23. Rfe1 f5 24. exf6 exf6 25. Bxf8 Rxf8 26. Rac1 Bf7 27.
a5 Rfd8 28. Rb1 f5 29. Qb6 Ra8 30. Ra1 Bd5 31. Qxa6 Bxf3+ 32. exf3 Rxa6 33.
Reb1 Kf7 34. Kg2 Ke7 35. g4 c5 36. Rb5 Rc7 37. Rc1 Rac6 38. Rcb1 Kd6 39. Rd1+
Ke6 40. Re1+ Kd5 41. Kf2 Kd4 42. Rd1+ Kc3 43. Rc1+ Kd2 44. Rc4 Kd3 45. Rc1 fxg4
46. fxg4 c4 47. Re5 c3 48. Re3+ Kd2 49. Rce1 c2 50. R1e2+ Kc1 51. Rb3 Rc3 52.
Rb6 Rd3 53. Ke1 Rd1+ 54. Kf2 Rd2 55. f5 Kd1 56. Rxd2+ Kxd2 57. Rd6+ Kc3 0-1

[Event "Autunno Scacchistico A"]
[Site "Venezia ITA"]
[Date "2009.10.31"]
[Round "2"]
[White "Ceccarini, Marco"]
[Black "Zoldan, Matteo"]
[Result "0-1"]
[WhiteElo "2087"]
[BlackElo "2190"]
[PlyCount "77"]
[EventDate "2009.10.30"]

1. e4 c5 2. Nf3 Nc6 3. Bb5 Na5 4. Nc3 a6 5. Be2 d6 6. d4 cxd4 7. Nxd4 Nf6 8.
Bg5 e6 9. Qd2 Be7 10. Nb3 O-O 11. O-O h6 12. Bxf6 Bxf6 13. Rad1 Nxb3 14. axb3
Be7 15. Qf4 Qc7 16. Rd3 Bd7 17. Rfd1 Bc6 18. Rf3 Kh8 19. Rh3 g5 20. Qg4 Kg7 21.
Qh5 Rh8 22. Rf1 Raf8 23. f4 Be8 24. Qf3 Qc5+ 25. Kh1 b5 26. Bd3 Bc6 27. Qh5
gxf4 28. Qg4+ Qg5 29. Rxf4 Qxg4 30. Rxg4+ Kf6 31. Rf3+ Ke5 32. Rh3 h5 33. Rgg3
h4 34. Re3 Rhg8 35. Ne2 Rg4 36. Ng1 Rfg8 37. Nf3+ Kf4 38. Re2 f5 39. Nd4 0-1

[Event "Autunno Scacchistico A"]
[Site "Venezia ITA"]
[Date "2009.10.31"]
[Round "2"]
[White "Dragojlovic, Andjelko"]
[Black "Capaliku, Aleks"]
[Result "1-0"]
[WhiteElo "2402"]
[BlackElo "2084"]
[PlyCount "63"]
[EventDate "2009.10.30"]

1. e4 c5 2. Nf3 Nc6 3. Nc3 d6 4. d4 cxd4 5. Nxd4 Bd7 6. Be3 Nf6 7. Be2 a6 8. g4
h6 9. h4 e6 10. Rg1 Nxd4 11. Qxd4 Bc6 12. g5 hxg5 13. hxg5 Nd7 14. O-O-O Qc7
15. g6 Ne5 16. gxf7+ Qxf7 17. f4 Nd7 18. Bc4 b5 19. Be2 Qf6 20. Qd2 b4 21. Nb1
g5 22. e5 dxe5 23. Bf3 Bd5 24. Bxd5 exd5 25. Qxd5 Rd8 26. fxe5 Qxe5 27. Qf3 Be7
28. Qg3 Kf8 29. Rdf1+ Bf6 30. Qxg5 Ke8 31. Qg6+ Ke7 32. Nd2 1-0

[Event "Autunno Scacchistico A"]
[Site "Venezia ITA"]
[Date "2009.10.31"]
[Round "2"]
[White "Gastiaburo, Hernan"]
[Black "Dinter, Brian"]
[Result "1/2-1/2"]
[WhiteElo "2251"]
[BlackElo "2118"]
[PlyCount "37"]
[EventDate "2009.10.30"]

1. e4 c6 2. d4 d5 3. exd5 cxd5 4. c4 Nf6 5. Nc3 g6 6. Qb3 Bg7 7. cxd5 O-O 8.
Be2 Nbd7 9. Bf3 Qb6 10. Qa3 e5 11. dxe6 Qxe6+ 12. Nge2 Nb6 13. O-O Re8 14. Bf4
Nfd5 15. Nxd5 Nxd5 16. Bg3 Bd7 17. Rfd1 Bc6 18. h3 a6 19. Nf4 1/2-1/2

[Event "Autunno Scacchistico A"]
[Site "Venezia ITA"]
[Date "2009.10.31"]
[Round "2"]
[White "Golubovic, Boris"]
[Black "Quaranta, Cristiano"]
[Result "1/2-1/2"]
[WhiteElo "2381"]
[BlackElo "2127"]
[PlyCount "103"]
[EventDate "2009.10.30"]

1. c4 e5 2. g3 f5 3. Bg2 Nf6 4. Nc3 d6 5. d3 Be7 6. f4 c6 7. Nh3 O-O 8. O-O Qe8
9. Nf2 Bd8 10. e3 Be6 11. b3 Nbd7 12. Ba3 exf4 13. exf4 Bc7 14. Re1 Qf7 15. Qd2
Rfe8 16. Re2 Nf8 17. Rae1 Bd7 18. d4 Rxe2 19. Rxe2 Re8 20. d5 Rxe2 21. Qxe2 c5
22. Bb2 Qe8 23. Bf3 Qxe2 24. Bxe2 Bd8 25. Bd3 Ne8 26. Bc1 Bf6 27. Bd2 Nc7 28.
Nfd1 g6 29. Kg2 Kf7 30. Kf3 h6 31. Ne3 Bg7 32. h3 h5 33. a4 Nh7 34. g4 hxg4+
35. hxg4 fxg4+ 36. Nxg4 Nf6 37. Nxf6 Bxf6 38. Ne4 Be7 39. Ng5+ Bxg5 40. fxg5
Ne8 41. a5 Ng7 42. b4 b6 43. b5 bxa5 44. Bxa5 Bf5 45. Bf1 Ke7 46. Bc3 Ne8 47.
Ke3 Kd7 48. Be2 Kc7 49. Ba5+ Kb7 50. Bd1 Nc7 51. Kd2 Ne8 52. Ke3 1/2-1/2

[Event "Autunno Scacchistico A"]
[Site "Venezia ITA"]
[Date "2009.10.31"]
[Round "2"]
[White "Gromovs, Sergejs"]
[Black "Sanchez, Joseph"]
[Result "1/2-1/2"]
[WhiteElo "2268"]
[BlackElo "2463"]
[PlyCount "68"]
[EventDate "2009.10.30"]

1. d4 d5 2. c4 c6 3. Nc3 Nf6 4. Nf3 dxc4 5. a4 Bf5 6. Ne5 Nbd7 7. Nxc4 Nb6 8.
Ne5 a5 9. f3 h6 10. e4 Bh7 11. Be3 e6 12. Be2 Nfd7 13. Nxd7 Nxd7 14. O-O Qb6
15. Qd2 Rd8 16. Rad1 Be7 17. Qc1 O-O 18. Kh1 Bg6 19. Bc4 e5 20. Ne2 Qb4 21. b3
Kh8 22. Ng3 Bh7 23. Rf2 exd4 24. Bxd4 Nc5 25. Qd2 Ne6 26. Qxb4 Bxb4 27. Bxe6
fxe6 28. Rff1 b5 29. axb5 cxb5 30. Be5 Rxd1 31. Rxd1 Rc8 32. Ne2 Bg8 33. Rc1
Rd8 34. Nd4 Ba3 1/2-1/2

[Event "Autunno Scacchistico A"]
[Site "Venezia ITA"]
[Date "2009.10.31"]
[Round "2"]
[White "Mileto, Gabriele"]
[Black "Vuelban, Virgilio"]
[Result "0-1"]
[WhiteElo "2192"]
[BlackElo "2405"]
[PlyCount "137"]
[EventDate "2009.10.30"]

1. c4 g6 2. Nc3 Bg7 3. g3 Nf6 4. Bg2 d6 5. e4 c5 6. Nge2 Nc6 7. O-O O-O 8. d3
Ne8 9. Be3 Nd4 10. Rb1 Nc7 11. h3 Bd7 12. Kh2 Bc6 13. f4 e6 14. Bg1 f5 15. a3
Qd7 16. b4 b6 17. b5 Bb7 18. exf5 Bxg2 19. fxe6 Nxe2 20. Nxe2 Qxe6 21. Kxg2 d5
22. Qc2 Rad8 23. Rfe1 Qf5 24. Rbd1 Rf7 25. Nc1 Rfd7 26. Re2 dxc4 27. Qxc4+ Qd5+
28. Qxd5+ Nxd5 29. Rde1 Nc3 30. Rb2 Na4 31. Rc2 Bb2 32. Re4 Bd4 33. Bxd4 cxd4
34. Nb3 Nc3 35. Re5 Rc7 36. Rd2 Kf7 37. Kf3 Nb1 38. Rb2 Nxa3 39. Ke4 Nc2 40.
Rd5 Re7+ 41. Re5 Rc7 42. Rd5 Rxd5 43. Kxd5 Ne3+ 44. Kxd4 Nf5+ 45. Kd5 Rd7+ 46.
Kc4 Ne3+ 47. Kb4 Rxd3 48. Rd2 Rxd2 49. Nxd2 Ke6 50. Nf3 Kd5 51. Ng5 h5 52. Nf3
Ke4 53. Ne5 g5 54. Ng6 h4 55. fxg5 hxg3 56. Nh4 Nf5 57. Ng2 Kf3 58. Ne1+ Ke2
59. Ng2 Kf2 60. Nf4 Kf3 61. Nd3 Ke3 62. Ne1 Nh4 63. Kc4 Kd2 64. g6 Nxg6 65. Ng2
Ke2 66. h4 Kf2 67. h5 Ne5+ 68. Kd5 Kxg2 69. Kxe5 0-1

[Event "Autunno Scacchistico A"]
[Site "Venezia ITA"]
[Date "2009.10.31"]
[Round "2"]
[White "Naumkin, Igor"]
[Black "Sgnaolin, Davide"]
[Result "1-0"]
[WhiteElo "2450"]
[BlackElo "2213"]
[PlyCount "109"]
[EventDate "2009.10.30"]

1. d4 Nf6 2. c4 c5 3. d5 b5 4. cxb5 a6 5. bxa6 g6 6. Nc3 Bxa6 7. Nf3 d6 8. Nd2
Bg7 9. e4 Bxf1 10. Nxf1 Qa5 11. Nd2 Nbd7 12. O-O O-O 13. Kh1 Nb6 14. a4 Nfd7
15. f4 Qb4 16. Ra3 Ra6 17. Qe2 c4 18. Na2 Qc5 19. b4 cxb3 20. Qxa6 b2 21. Qd3
Ra8 22. Bxb2 Bxb2 23. Rb3 Nxa4 24. Nb4 Qc7 25. Qb1 Bf6 26. Nc6 Nac5 27. Re3 Ra1
28. Qb5 Ra2 29. Nc4 Rc2 30. e5 dxe5 31. fxe5 Bg5 32. d6 exd6 33. exd6 Qb7 34.
Ne7+ Kg7 35. Qxb7 Nxb7 36. Rg3 Rxc4 37. Rxg5 f6 38. Rb5 Nxd6 39. Rd5 Kf7 40.
Nxg6 hxg6 41. Rxd6 Ke7 42. Ra6 Rd4 43. h3 Rd2 44. Raa1 Ke6 45. Rfd1 Rxd1+ 46.
Rxd1 Ne5 47. Kg1 g5 48. Kf2 Kf5 49. Ke3 g4 50. h4 g3 51. Rd4 Nc6 52. Rf4+ Ke5
53. Rc4 Ne7 54. Re4+ Kd6 55. Kf4 1-0

[Event "Autunno Scacchistico A"]
[Site "Venezia ITA"]
[Date "2009.10.31"]
[Round "2"]
[White "Omeri, Silvan"]
[Black "Giuriati, Paolo"]
[Result "1/2-1/2"]
[WhiteElo "2113"]
[BlackElo "2224"]
[PlyCount "56"]
[EventDate "2009.10.30"]

1. e4 e6 2. d4 d5 3. Nc3 Nf6 4. e5 Nfd7 5. f4 c5 6. Nf3 Nc6 7. Be3 a6 8. Ne2 b5
9. g4 cxd4 10. Nexd4 Nxd4 11. Bxd4 Qa5+ 12. Qd2 Qxd2+ 13. Kxd2 Nc5 14. Bd3 Bd7
15. Ke3 Be7 16. h4 Rc8 17. Rac1 h5 18. g5 g6 19. Nd2 O-O 20. Nb3 Na4 21. Rh2
Rc7 22. a3 Rfc8 23. c3 Ra8 24. Na5 Rb8 25. b4 Rcc8 26. Ra2 Bd8 27. Nb3 Ra8 28.
Kd2 Be8 1/2-1/2

[Event "Autunno Scacchistico A"]
[Site "Venezia ITA"]
[Date "2010.10.31"]
[Round "2"]
[White "Pechy, Alaster"]
[Black "Pagnutti, Lorenzo"]
[Result "1-0"]
[WhiteElo "2186"]
[BlackElo "2107"]
[PlyCount "83"]
[EventDate "2009.10.30"]

1. d4 Nf6 2. c4 g6 3. Nc3 Bg7 4. e4 d6 5. f3 O-O 6. Be3 c6 7. Qd2 Nbd7 8. Bd3
e5 9. d5 cxd5 10. cxd5 Nc5 11. Bc2 b6 12. b4 Na6 13. a3 Nh5 14. Nge2 Nc7 15.
O-O Bd7 16. Rfc1 Rc8 17. a4 Na6 18. Nb5 Bxb5 19. axb5 Nc7 20. Bd3 Ra8 21. Ra2
Qd7 22. Rc6 f5 23. Qc1 Rf7 24. Bxb6 axb6 25. Rxc7 Qxc7 26. Rxa8+ Bf8 27. Qxc7
Rxc7 28. exf5 gxf5 29. Rb8 Nf6 30. Bxf5 Kg7 31. Be6 Rc4 32. Rxb6 Rxb4 33. Rb8
Nh5 34. g4 Nf4 35. Nxf4 exf4 36. g5 Rb1+ 37. Kg2 Rb2+ 38. Kh3 Rf2 39. Kg4 Rxh2
40. Kf5 h5 41. Rb7+ Kh8 42. Kg6 1-0